Normal view MARC view
  • United States

Entry Geographic Name

Number of records used in: 1

001 - CONTROL NUMBER

  • control field: 3198

003 - CONTROL NUMBER IDENTIFIER

  • control field: OSt

005 - DATE AND TIME OF LATEST TRANSACTION

  • control field: 20170511094128.0

008 - FIXED-LENGTH DATA ELEMENTS

  • fixed length control field: 170511|| aca||aabn | a|a d

040 ## - CATALOGING SOURCE

  • Original cataloging agency: OSt
  • Transcribing agency: OSt

151 ## - HEADING--GEOGRAPHIC NAME

  • Geographic name: United States
  • General subdivision: Foreign relations
  • Chronological subdivision: 1945-1953.

670 ## - SOURCE DATA FOUND

  • Source citation: Work cat.: (OSt): De Santis, Hugh. 3193, The diplomacy of silence, 1980.
Pusat Sumber Maklumat Dato' Haji Sarmin Md Hussin, Akademi Kastam Diraja Malaysia, Melaka
Tel: 06-2331106 | Faks: 06-2313787